00469cam a22001337a 4500008004000000082001400040100002100054245009800075260003000173300000900203650004600212650005400258700002300312180718b1954 xxu||||| |||| 00| 0 eng d aDx73 Sa67 aSapin, Burton M. aThe role of the military in American foreign policycby Burton M. Sapin and Richard C. Snyder aNew YorkbDoubledayc1954 a84p. aUnited States - Foreign relations - 1945- aCivil supremacy over the military - United States aSnyder, Richard C.